[Event "RA Winter op"]
[Site "Ottawa CAN"]
[Date "2023.01.20"]
[Round "1.3"]
[White "Chiku-Ratte, Olivier-Kenta"]
[Black "Shi, Mihael"]
[Result "1-0"]
[WhiteElo "2068"]
[BlackElo "2024"]
[PlyCount "47"]
[EventDate "2023.01.20"]
[EventType "swiss"]
[EventRounds "5"]
[EventCountry "CAN"]

1. Nf3 Nf6 2. c4 c6 3. g3 d5 4. Bg2 g6 5. O-O Bg7 6. b3 e5 7. Ba3 e4 8. Ne1
dxc4 9. Nc3 Nd5 10. Nxe4 Qa5 11. Nd6+ Kd7 12. Nxc4 Qd8 13. Rc1 b5 14. e4 Nb6
15. Nd6 Bf8 16. e5 Bxd6 17. exd6 a5 18. Qc2 Bb7 19. Nd3 Qf6 20. Bb2 Qd8 21.
Ne5+ Ke8 22. Nxc6 Nxc6 23. Bxc6+ Kf8 24. Bxb7 1-0

[Event "RA Winter op"]
[Site "Ottawa CAN"]
[Date "2023.01.21"]
[Round "2.3"]
[White "Wiebe, Isaac"]
[Black "Chiku-Ratte, Olivier-Kenta"]
[Result "1/2-1/2"]
[WhiteElo "2171"]
[BlackElo "2452"]
[PlyCount "119"]
[EventDate "2023.01.20"]
[EventType "swiss"]
[EventRounds "5"]
[EventCountry "CAN"]

1. e4 c5 2. Nf3 d6 3. d4 cxd4 4. Nxd4 Nf6 5. Nc3 Nc6 6. Bc4 e6 7. Bb3 Be7 8.
Be3 O-O 9. Qe2 d5 10. exd5 exd5 11. h3 Re8 12. O-O Bd6 13. Qd1 Be6 14. Nce2
Nxd4 15. Qxd4 Bf5 16. c3 Be5 17. Qd2 Qd7 18. Nf4 Rad8 19. Rad1 Bb8 20. Nd3 Ne4
21. Qe2 Bxh3 22. gxh3 Qxh3 23. Bf4 Ng3 24. Qxe8+ Rxe8 25. fxg3 Bxf4 26. Nxf4
Qxg3+ 27. Ng2 Re7 28. Bxd5 h5 29. Bxf7+ Kh7 30. Bxh5 Qg5 31. Bf3 Qc5+ 32. Rd4
Rd7 33. Rfd1 Qb6 34. b4 Rxd4 35. Rxd4 Qc7 36. Rh4+ Kg6 37. Nf4+ Kf5 38. Ne2
Qb6+ 39. Kg2 Qe3 40. Rf4+ Kg6 41. Rg4+ Kf6 42. Rf4+ Kg6 43. Rd4 b6 44. Kg3 Qe5+
45. Nf4+ Kh6 46. Re4 Qxc3 47. Re6+ Kg5 48. Nd5 Qa1 49. Ne7 Qg1+ 50. Bg2 Kh5 51.
Nf5 g6 52. Nh4 g5 53. Nf3 Qc1 54. Re5 Qf4+ 55. Kf2 Qxb4 56. Rxg5+ Kh6 57. Bh3
Qb2+ 58. Kg3 Qxa2 59. Bf5 Qf7 60. Rg6+ 1/2-1/2

[Event "RA Winter op"]
[Site "Ottawa CAN"]
[Date "2023.01.21"]
[Round "3.4"]
[White "Chiku-Ratte, Olivier-Kenta"]
[Black "Kot, Emanuel"]
[Result "1-0"]
[WhiteElo "2452"]
[BlackElo "2114"]
[PlyCount "75"]
[EventDate "2023.01.20"]
[EventType "swiss"]
[EventRounds "5"]
[EventCountry "CAN"]

1. c4 e6 2. Nf3 Nf6 3. d4 d5 4. g3 Be7 5. Bg2 O-O 6. O-O dxc4 7. Qc2 c6 8. Qxc4
b5 9. Qc2 Bb7 10. Bg5 Nbd7 11. Nbd2 c5 12. Bxf6 Bxf6 13. dxc5 Rc8 14. Nb3 Bd5
15. Nfd2 Bxg2 16. Kxg2 Be7 17. Qd3 a6 18. Ne4 Nxc5 19. Nexc5 Bxc5 20. Qf3 Qb6
21. Rad1 Be7 22. Rd7 Bf6 23. Rfd1 Rc6 24. R1d2 Rfc8 25. g4 h6 26. h4 Rf8 27.
Qg3 e5 28. Kh3 a5 29. R2d5 Re8 30. e3 e4 31. Nd4 Bxd4 32. Rxd4 Qc5 33. Kg2 Qc2
34. Rd8 Rxd8 35. Rxd8+ Kh7 36. Qb8 Rf6 37. Rh8+ Kg6 38. Rxh6+ 1-0

[Event "RA Winter op"]
[Site "Ottawa CAN"]
[Date "2023.01.22"]
[Round "4.2"]
[White "Liang, Jason"]
[Black "Chiku-Ratte, Olivier-Kenta"]
[Result "1-0"]
[WhiteElo "2614"]
[BlackElo "2452"]
[PlyCount "109"]
[EventDate "2023.01.20"]
[EventType "swiss"]
[EventRounds "5"]
[EventCountry "CAN"]

1. e4 c5 2. Nf3 d6 3. Bb5+ Nc6 4. O-O Bd7 5. Re1 Nf6 6. c3 a6 7. Bf1 Bg4 8. d4
Bxf3 9. gxf3 e5 10. dxe5 dxe5 11. Qxd8+ Rxd8 12. a4 g5 13. Na3 g4 14. fxg4 Nxg4
15. f3 Nf6 16. Be3 Rg8+ 17. Kf2 Be7 18. Red1 Nh5 19. Nc4 Nf4 20. Bxf4 exf4 21.
Rd5 Bh4+ 22. Ke2 Rg1 23. Rh5 Bf6 24. Rxc5 Kf8 25. Kf2 Rg5 26. Rxg5 Bxg5 27. a5
Be7 28. Ke2 Bc5 29. Bh3 Ke7 30. Rd1 Rxd1 31. Kxd1 Kd8 32. Bf5 h6 33. e5 Bf8 34.
Be4 Kc7 35. Kd2 Bg7 36. Bxc6 Kxc6 37. Kd3 Kd5 38. b4 f6 39. exf6 Bxf6 40. Nb6+
Kc6 41. c4 Bd8 42. Nd5 Bh4 43. Ke4 Bg5 44. Nxf4 b6 45. axb6 Kxb6 46. Nd5+ Kc6
47. f4 Bd8 48. f5 Kd6 49. c5+ Kd7 50. Ke5 a5 51. b5 a4 52. c6+ Kc8 53. Kd4 a3
54. Kc3 Bg5 55. Kb3 1-0

[Event "RA Winter op"]
[Site "Ottawa CAN"]
[Date "2023.01.22"]
[Round "5.4"]
[White "Xu, Daniel"]
[Black "Chiku-Ratte, Olivier-Kenta"]
[Result "1-0"]
[WhiteElo "2339"]
[BlackElo "2452"]
[PlyCount "157"]
[EventDate "2023.01.20"]
[EventType "swiss"]
[EventRounds "5"]
[EventCountry "CAN"]

1. e4 e5 2. Nf3 Nc6 3. Bb5 g6 4. O-O Bg7 5. c3 a6 6. Ba4 Nge7 7. d4 exd4 8.
cxd4 b5 9. Bb3 O-O 10. Nc3 d6 11. Nd5 h6 12. Be3 Na5 13. Nxe7+ Qxe7 14. Bc2 Nc4
15. Bc1 c5 16. b3 Na5 17. h3 Bb7 18. Re1 Nc6 19. Bb2 cxd4 20. Qd2 Rac8 21. Rad1
d3 22. Bxd3 Bxb2 23. Qxb2 Ne5 24. Nxe5 dxe5 25. Rc1 Qg5 26. g3 Rfd8 27. Rxc8
Bxc8 28. h4 Qf6 29. Be2 Bb7 30. Qc2 Rd4 31. f3 Qd6 32. Rd1 Kg7 33. Kg2 Bc6 34.
Rxd4 exd4 35. Kf2 Bd7 36. Qd2 Be6 37. f4 Qc5 38. Bd3 f5 39. Qc2 Qb6 40. Qe2 Qd6
41. exf5 Bxf5 42. Qc2 Bxd3 43. Qxd3 h5 44. Ke2 Kf6 45. Qe4 Qc5 46. a3 a5 47.
Qd3 Qd5 48. Kd2 Qg2+ 49. Kd1 Qg1+ 50. Kd2 Qa1 51. Qxb5 Qc3+ 52. Kd1 Qf3+ 53.
Kd2 Qe3+ 54. Kd1 Qg1+ 55. Kd2 Qe3+ 56. Kd1 Qg1+ 57. Kd2 Qxg3 58. Qg5+ Qxg5 59.
fxg5+ Ke5 60. Kd3 Kd5 61. b4 a4 62. b5 Kc5 63. b6 Kxb6 64. Kxd4 Kb5 65. Kd5 Kb6
66. Kc4 Kc6 67. Kb4 Kd5 68. Kxa4 Ke5 69. Kb4 Kf4 70. a4 Kg4 71. a5 Kxh4 72. a6
Kxg5 73. a7 h4 74. a8=Q Kf4 75. Kc3 g5 76. Kd2 g4 77. Ke2 h3 78. Qb8+ Kg5 79.
Qg3 1-0

[Event "Etoiles montantes 4"]
[Site "Montreal CAN"]
[Date "2023.01.07"]
[Round "1.3"]
[White "Chiku-Ratte, Olivier-Kenta"]
[Black "Goldner, John"]
[Result "1-0"]
[WhiteElo "2322"]
[BlackElo "1640"]
[PlyCount "93"]
[EventDate "2023.01.07"]
[EventType "swiss"]
[EventRounds "5"]
[EventCountry "CAN"]

1. Nf3 d5 2. d4 Nf6 3. c4 e6 4. g3 c5 5. cxd5 exd5 6. Bg2 Nc6 7. O-O Be7 8.
dxc5 Bxc5 9. Nc3 O-O 10. Na4 Be7 11. Be3 Re8 12. Rc1 Qa5 13. a3 Qb5 14. b4 Ne4
15. Nc5 Nxc5 16. bxc5 Be6 17. Ng5 Rad8 18. a4 Qa6 19. Nxe6 fxe6 20. Qb3 Na5 21.
Qb5 Qxb5 22. axb5 Nc4 23. Rxc4 dxc4 24. Bxb7 Rb8 25. Ba6 Bf6 26. Rc1 c3 27. c6
Re7 28. Bc5 Rf7 29. Bd6 Rd8 30. c7 Rxc7 31. Bxc7 Rd2 32. Ba5 Bd4 33. Bxc3 Bxc3
34. Rxc3 Rd7 35. Rc8+ Kf7 36. Rb8 Kf6 37. Rb7 Ke7 38. Rxd7+ Kxd7 39. f4 Kc7 40.
Kf2 Kb6 41. Ke3 Kc5 42. Ke4 Kd6 43. Kd4 g6 44. e4 Kd7 45. Ke5 Kc7 46. Kxe6 Kb6
47. f5 1-0

[Event "Etoiles montantes 4"]
[Site "Montreal CAN"]
[Date "2023.01.07"]
[Round "2.3"]
[White "Batorshyn, Ilia"]
[Black "Chiku-Ratte, Olivier-Kenta"]
[Result "0-1"]
[WhiteElo "1922"]
[BlackElo "2322"]
[PlyCount "118"]
[EventDate "2023.01.07"]
[EventType "swiss"]
[EventRounds "5"]
[EventCountry "CAN"]

1. Nf3 Nf6 2. c4 g6 3. Nc3 Bg7 4. d4 c5 5. g3 b6 6. Bg2 Bb7 7. d5 O-O 8. O-O d6
9. e4 Nbd7 10. h3 a6 11. Be3 b5 12. Nd2 Ne8 13. Qc2 Nc7 14. Rae1 bxc4 15. Nxc4
Nb5 16. f4 Nd4 17. Qd3 a5 18. Ne2 Nb6 19. b3 Nxe2+ 20. Rxe2 a4 21. Bf2 Qc7 22.
Rfe1 axb3 23. axb3 Rfd8 24. g4 Ba6 25. Rc2 Bb5 26. Qf3 Bxc4 27. bxc4 Ra4 28.
Bf1 Rda8 29. Qe2 Nd7 30. Bg2 R8a7 31. Kh1 Ra1 32. Rxa1 Rxa1+ 33. Kh2 Qa7 34. h4
Bd4 35. g5 Bxf2 36. Qxf2 Qa5 37. Bh3 Nb6 38. e5 Qa7 39. e6 Ra4 40. exf7+ Kxf7
41. f5 Ke8 42. fxg6 hxg6 43. Be6 Nxc4 44. Qf7+ Kd8 45. Qf8+ Kc7 46. Qxe7+ Kb6
47. Qxa7+ Kxa7 48. h5 Ne5 49. hxg6 Nxg6 50. Bf7 Ne5 51. Be8 Rh4+ 52. Kg3 Rg4+
53. Kf2 Rxg5 54. Ra2+ Kb6 55. Rb2+ Kc7 56. Ra2 Nd3+ 57. Ke3 Nb4 58. Ra7+ Kb8
59. Rd7 Nxd5+ 0-1

[Event "Etoiles montantes 4"]
[Site "Montreal CAN"]
[Date "2023.01.08"]
[Round "3.2"]
[White "Chiku-Ratte, Olivier-Kenta"]
[Black "Hu, Richard"]
[Result "1-0"]
[WhiteElo "2322"]
[BlackElo "1078"]
[PlyCount "113"]
[EventDate "2023.01.07"]
[EventType "swiss"]
[EventRounds "5"]
[EventCountry "CAN"]

1. a3 c5 2. Nf3 d6 3. g3 Nf6 4. Bg2 Nc6 5. O-O g6 6. e3 Bg4 7. h3 Bd7 8. d4
cxd4 9. exd4 d5 10. Ne5 Qc8 11. Kh2 Bg7 12. Nc3 Be6 13. f4 h5 14. Nf3 Qc7 15.
Be3 a6 16. Ng5 O-O-O 17. Nxe6 fxe6 18. Qd3 Rdg8 19. Ne2 Bh6 20. h4 Ng4+ 21. Kh1
Kd7 22. Bh3 Na5 23. b3 Nf6 24. Rac1 Qd6 25. a4 Qb4 26. Bd2 Qb6 27. Nc3 Ng4 28.
Nd1 Nc6 29. c3 a5 30. Nf2 Nf6 31. Rfe1 Nd8 32. c4 Rg7 33. c5 Qc7 34. Qb5+ Qc6
35. Bxa5 Ng4 36. Bxg4 hxg4 37. Nxg4 Nf7 38. Bd2 g5 39. fxg5 Bxg5 40. Bxg5 Rxg5
41. Qe2 Rg7 42. b4 Rg6 43. Qf3 Ke8 44. b5 Qc7 45. b6 Qc6 46. Rf1 Rg7 47. Qf4
Qc8 48. Ne5 Nd8 49. a5 Qa8 50. Qe3 Qa6 51. Rf3 Rgg8 52. c6 bxc6 53. Nxc6 Nxc6
54. Rxc6 Rf8 55. Qxe6 Kd8 56. Qxd5+ Ke8 57. Rc7 1-0

[Event "Etoiles montantes 4"]
[Site "Montreal CAN"]
[Date "2023.01.08"]
[Round "4.2"]
[White "Tanaka, Tyler"]
[Black "Chiku-Ratte, Olivier-Kenta"]
[Result "1-0"]
[WhiteElo "2250"]
[BlackElo "2322"]
[PlyCount "133"]
[EventDate "2023.01.07"]
[EventType "swiss"]
[EventRounds "5"]
[EventCountry "CAN"]

1. e4 g6 2. d4 Bg7 3. Nf3 d6 4. Bc4 Nf6 5. Qe2 O-O 6. O-O e6 7. e5 Nd5 8. Bg5
Qd7 9. Nc3 h6 10. Bh4 Nxc3 11. bxc3 Nc6 12. Bg3 Ne7 13. Bd3 b6 14. h4 Bb7 15.
Bf4 Nf5 16. Rae1 Bd5 17. Bd2 Qc6 18. Bb5 Qb7 19. Ba6 Qc6 20. Bb5 Qb7 21. Ba6
Qb8 22. h5 gxh5 23. exd6 cxd6 24. Bd3 Qd8 25. c4 Bxf3 26. Qxf3 Nxd4 27. Qxh5
Qf6 28. Re4 Rac8 29. Rg4 Nf5 30. Bxf5 exf5 31. Rg3 Kh7 32. Bc3 Qxc3 33. Qxf5+
Kh8 34. Rxc3 Bxc3 35. Rd1 Rxc4 36. Rxd6 Bg7 37. Rd7 Rc5 38. Qd3 a5 39. g3 Kg8
40. Rb7 Rc6 41. c4 Re6 42. Kg2 Rfe8 43. Qd7 Rf8 44. a4 Bc3 45. Rc7 Bb4 46. Rc6
Rxc6 47. Qxc6 Bc3 48. Qxh6 Re8 49. Qg5+ Kf8 50. f4 Re2+ 51. Kh3 Ra2 52. Qd8+
Kg7 53. Qd7 Ra3 54. f5 Bb2 55. f6+ Kg6 56. Qg4+ Kxf6 57. Qf4+ Kg7 58. Qf2 Rxa4
59. Qxb2+ Kg8 60. Qc3 Ra1 61. g4 b5 62. c5 Ra4 63. Qe5 Ra3+ 64. Kh4 Rb3 65. c6
b4 66. c7 Rc3 67. Qe8+ 1-0

[Event "Etoiles montantes 4"]
[Site "Montreal CAN"]
[Date "2023.01.08"]
[Round "5.2"]
[White "Rodrigue-Lemieux, Shawn"]
[Black "Chiku-Ratte, Olivier-Kenta"]
[Result "1/2-1/2"]
[WhiteElo "2455"]
[BlackElo "2322"]
[PlyCount "115"]
[EventDate "2023.01.07"]
[EventType "swiss"]
[EventRounds "5"]
[EventCountry "CAN"]

1. e4 c5 2. Nf3 d6 3. Bb5+ Nd7 4. d4 cxd4 5. Qxd4 a6 6. Bxd7+ Bxd7 7. c4 e5 8.
Qd3 b5 9. Nc3 bxc4 10. Qxc4 Qc8 11. Qd3 Qb7 12. O-O h6 13. Nd2 Bb5 14. Nc4 Bxc4
15. Qxc4 Nf6 16. Rd1 Be7 17. Nd5 Nxd5 18. Rxd5 O-O 19. b3 Rac8 20. Qd3 Qc6 21.
Ba3 Qc2 22. Qxc2 Rxc2 23. Bxd6 Bxd6 24. Rxd6 Rfc8 25. h4 Re2 26. Rxa6 Rcc2 27.
Rf1 Rxe4 28. h5 Ree2 29. a4 e4 30. Ra8+ Kh7 31. Rf8 Rc5 32. g4 Rg5 33. Rc1 e3
34. Rxf7 Rxg4+ 35. Kf1 Rb2 36. fxe3 Rh4 37. Rf2 Rxb3 38. Rc5 Rxe3 39. a5 Rh1+
40. Kg2 Reh3 41. a6 R1h2+ 42. Kg1 Rxf2 43. Kxf2 Ra3 44. Rf5 Rxa6 45. Kg3 Kg8
46. Kg4 Rf6 47. Ra5 Rb6 48. Rf5 Rb4+ 49. Rf4 Rxf4+ 50. Kxf4 Kf8 51. Kf5 Ke7 52.
Kg6 Kf8 53. Kf5 Kf7 54. Ke5 Kg8 55. Kd4 Kh7 56. Kc3 Kg8 57. Kd4 g5 58. hxg6
1/2-1/2

[Event "US Masters"]
[Site "Charlotte USA"]
[Date "2022.11.24"]
[Round "2.15"]
[White "Chiku-Ratte, Olivier-Kenta"]
[Black "Stremavicius, Titas"]
[Result "0-1"]
[WhiteElo "2344"]
[BlackElo "2527"]
[PlyCount "86"]
[EventDate "2022.11.23"]
[EventType "swiss"]
[EventRounds "9"]
[EventCountry "USA"]
[Source "ChessMix"]
[SourceDate "2022.12.01"]

1. d4 f5 2. g3 Nf6 3. Bg2 e6 4. Nf3 d5 5. c4 Be7 6. O-O Ne4 7. Nc3 c6 8. Qc2
Nd7 9. b3 O-O 10. Bb2 Nd6 11. Nd2 Kh8 12. e3 b6 13. Ne2 Ba6 14. Nf4 Rf6 15. f3
Rh6 16. Rfe1 Rc8 17. e4 fxe4 18. fxe4 dxc4 19. e5 Nf7 20. bxc4 Bg5 21. Nf3 Bxf4
22. gxf4 b5 23. f5 Nf8 24. fxe6 Nxe6 25. Qf5 Rc7 26. cxb5 Bxb5 27. Rac1 Rg6 28.
Kh1 Nh6 29. Qe4 Rg4 30. Qc2 Nf4 31. Rg1 Bd3 32. Qd2 Be4 33. h3 Nxg2 34. hxg4
Nh4 35. Qf4 Bxf3+ 36. Kh2 Rf7 37. Qe3 Bd5 38. g5 Nf3+ 39. Kh3 Qd7+ 40. e6 Bxe6+
41. Kg2 Nh4+ 42. Kh2 Qd6+ 43. Rg3 Ng4+ 0-1

[Event "US Masters"]
[Site "Charlotte USA"]
[Date "2022.11.25"]
[Round "4.24"]
[White "Chiku-Ratte, Olivier-Kenta"]
[Black "Theodorou, Nikolas"]
[Result "0-1"]
[WhiteElo "2344"]
[BlackElo "2598"]
[PlyCount "72"]
[EventDate "2022.11.23"]
[EventType "swiss"]
[EventRounds "9"]
[EventCountry "USA"]
[Source "ChessMix"]
[SourceDate "2022.12.01"]

1. d4 Nf6 2. c4 e6 3. Nc3 Bb4 4. a3 Bxc3+ 5. bxc3 c5 6. f3 Nc6 7. e4 d6 8. d5
Ne5 9. f4 Ng6 10. Bd3 exd5 11. exd5 O-O 12. Ne2 Re8 13. O-O Bg4 14. Qc2 b5 15.
Ng3 bxc4 16. Bxc4 Qa5 17. h3 Bd7 18. Kh2 Rab8 19. a4 h5 20. Bd3 h4 21. Ne4 Nxe4
22. Bxe4 f5 23. Bd3 c4 24. Bxf5 Bxf5 25. Qxf5 Qxc3 26. Ra3 Qf6 27. Qc2 Rb4 28.
Rc3 Rc8 29. Re1 Ne7 30. Ba3 Rb3 31. Rxb3 cxb3 32. Qxb3 Qxf4+ 33. Kg1 Nf5 34.
Qd3 Ng3 35. Qg6 Rf8 36. Kh2 Nf1+ 0-1

[Event "Washington int."]
[Site "Rockville USA"]
[Date "2022.08.13"]
[Round "2"]
[White "Chiku-Ratte, Olivier-Kenta"]
[Black "Khanin, Semen"]
[Result "1/2-1/2"]
[WhiteElo "2367"]
[BlackElo "2554"]
[PlyCount "50"]
[EventDate "2022.08.13"]
[EventType "swiss"]
[EventRounds "9"]
[EventCountry "USA"]
[Source "ChessMix"]
[SourceDate "2022.09.01"]

1. d4 Nf6 2. c4 e6 3. Nf3 d5 4. g3 Bb4+ 5. Bd2 Be7 6. Bg2 O-O 7. Qc2 Nbd7 8.
O-O c6 9. Bf4 b6 10. cxd5 cxd5 11. Rc1 Bb7 12. Qc7 Ba6 13. Qxd8 Rfxd8 14. Nc3
Rac8 15. a4 Ne8 16. Nb5 Rxc1+ 17. Rxc1 Bxb5 18. axb5 Bd6 19. Ne5 Nxe5 20. dxe5
Bb8 21. e4 Nc7 22. Bg5 Re8 23. Rd1 h6 24. Be3 Nxb5 25. f4 Nc7 1/2-1/2

[Event "Washington int."]
[Site "Rockville USA"]
[Date "2022.08.14"]
[Round "3"]
[White "Burke, John M"]
[Black "Chiku-Ratte, Olivier-Kenta"]
[Result "1-0"]
[WhiteElo "2573"]
[BlackElo "2367"]
[PlyCount "89"]
[EventDate "2022.08.13"]
[EventType "swiss"]
[EventRounds "9"]
[EventCountry "USA"]
[Source "ChessMix"]
[SourceDate "2022.09.01"]

1. e4 c6 2. d4 d5 3. e5 Bf5 4. h4 h5 5. Bd3 Bxd3 6. Qxd3 e6 7. Bg5 Be7 8. Nf3
Nh6 9. Bxh6 Rxh6 10. Nbd2 Nd7 11. g3 Qb6 12. O-O Rd8 13. c4 dxc4 14. Nxc4 Qb5
15. Rfe1 Kf8 16. b3 Rg6 17. Kh2 Kg8 18. Rad1 Qd5 19. Nfd2 Nb6 20. Ne4 Nxc4 21.
bxc4 Qa5 22. Re2 Qa3 23. Qxa3 Bxa3 24. f4 f6 25. Red2 b6 26. Kg2 Kf7 27. exf6
gxf6 28. d5 exd5 29. cxd5 Bb4 30. Rd3 c5 31. a3 Ba5 32. d6 Rd7 33. Rd5 Rh6 34.
Kf3 a6 35. g4 hxg4+ 36. Kxg4 Kg6 37. Ng3 Rh8 38. h5+ Kf7 39. Ne4 c4 40. Rf5 Rh6
41. Rd4 Ke6 42. Rxa5 c3 43. f5+ Kf7 44. Rxa6 c2 45. Rc4 1-0

[Event "Washington int."]
[Site "Rockville USA"]
[Date "2022.08.15"]
[Round "5"]
[White "Chiku-Ratte, Olivier-Kenta"]
[Black "Oberoi, Shelev"]
[Result "1-0"]
[WhiteElo "2367"]
[BlackElo "2283"]
[PlyCount "44"]
[EventDate "2022.08.13"]
[EventType "swiss"]
[EventRounds "9"]
[EventCountry "USA"]
[Source "ChessMix"]
[SourceDate "2022.09.01"]

1. d4 d5 2. c4 dxc4 3. Nf3 Nf6 4. e3 e6 5. Bxc4 a6 6. O-O c5 7. dxc5 Bxc5 8.
Qxd8+ Kxd8 9. Be2 Ke7 10. Nfd2 Rd8 11. b3 b6 12. Bf3 Ra7 13. Ne4 Nxe4 14. Bxe4
a5 15. Bb2 f5 16. Bf3 g5 17. h3 Rg8 18. g4 Bb7 19. Kg2 Bxf3+ 20. Kxf3 Nc6 21.
Nc3 Ne5+ 22. Ke2 f4 1-0

[Event "Washington int."]
[Site "Rockville USA"]
[Date "2022.08.15"]
[Round "6"]
[White "Matviishen, Viktor"]
[Black "Chiku-Ratte, Olivier-Kenta"]
[Result "1/2-1/2"]
[WhiteElo "2506"]
[BlackElo "2367"]
[PlyCount "72"]
[EventDate "2022.08.13"]
[EventType "swiss"]
[EventRounds "9"]
[EventCountry "USA"]
[Source "ChessMix"]
[SourceDate "2022.09.01"]

1. d4 d5 2. c4 e6 3. Nf3 a6 4. Bg5 Be7 5. Bxe7 Qxe7 6. Nbd2 Nf6 7. g3 Nbd7 8.
Bg2 O-O 9. O-O b6 10. Rc1 c5 11. Ne5 Bb7 12. Nxd7 Nxd7 13. dxc5 Nxc5 14. cxd5
Bxd5 15. Bxd5 exd5 16. Nf3 Qe4 17. Rc2 Ne6 18. Rd2 Rfd8 19. Qb3 b5 20. Rfd1 d4
21. Qc2 Qxc2 22. Rxc2 Kf8 23. Ne5 Rac8 24. Rdc1 Rxc2 25. Rxc2 d3 26. exd3 f6
27. Ng4 Rxd3 28. Rc6 Kf7 29. Rxa6 Rd2 30. b3 h5 31. Ne3 Ng5 32. Kg2 Ne4 33. Kf3
Ng5+ 34. Kg2 Ne4 35. Kf3 Ng5+ 36. Kg2 Ne4 1/2-1/2

[Event "Washington int."]
[Site "Rockville USA"]
[Date "2022.08.16"]
[Round "7"]
[White "Chiku-Ratte, Olivier-Kenta"]
[Black "Liang, Jason"]
[Result "0-1"]
[WhiteElo "2367"]
[BlackElo "2446"]
[PlyCount "62"]
[EventDate "2022.08.13"]
[EventType "swiss"]
[EventRounds "9"]
[EventCountry "USA"]
[Source "ChessMix"]
[SourceDate "2022.09.01"]

1. d4 d5 2. c4 e6 3. Nf3 Nf6 4. g3 Bb4+ 5. Bd2 Be7 6. Bg2 O-O 7. O-O Nbd7 8.
Qc2 c6 9. Bf4 a5 10. Rd1 a4 11. Ne5 Nh5 12. Bd2 Nhf6 13. Bc3 Qc7 14. Nd2 Nxe5
15. dxe5 Ng4 16. Nf3 dxc4 17. Qe4 Nh6 18. Nd2 b5 19. Qxc6 Qxc6 20. Bxc6 Rb8 21.
a3 Ba6 22. Nf3 Rfc8 23. Be4 Bb7 24. Bxb7 Rxb7 25. Rd2 Kf8 26. Rad1 Ke8 27. e4
Ng8 28. Nd4 Rb6 29. Nc2 Rb7 30. Kg2 Rd8 31. Rxd8+ Bxd8 0-1

[Event "Francophonie-ch"]
[Site "Casablanca MAR"]
[Date "2022.07.03"]
[Round "2.7"]
[White "Chennaoui, Yasin"]
[Black "Chiku-Ratte, Olivier-Kenta"]
[Result "1/2-1/2"]
[WhiteElo "2127"]
[BlackElo "2347"]
[PlyCount "91"]
[EventDate "2022.07.02"]
[EventType "swiss"]
[EventRounds "9"]
[EventCountry "MAR"]
[Source "ChessMix"]
[SourceDate "2022.07.10"]

1. Nf3 Nf6 2. c4 c6 3. Nc3 g6 4. d4 d6 5. e3 Bg7 6. Be2 O-O 7. O-O c5 8. b3 Bf5
9. Bb2 Nc6 10. Rc1 cxd4 11. exd4 d5 12. Ne5 dxc4 13. Nxc6 bxc6 14. bxc4 Rb8 15.
Ba3 Qc7 16. Qa4 Rfd8 17. Rfd1 Bh6 18. Ra1 e5 19. d5 cxd5 20. Nxd5 Nxd5 21. Rxd5
Be6 22. Rxd8+ Rxd8 23. Rd1 Rxd1+ 24. Qxd1 Bf8 25. Bxf8 Kxf8 26. Qb3 Qc5 27. a3
a5 28. Kf1 Ke7 29. Ke1 Qd4 30. Qb7+ Kf6 31. Qf3+ Kg7 32. Qe3 Qa1+ 33. Kd2 Qb2+
34. Ke1 Bf5 35. f3 h5 36. Kf2 Kf6 37. f4 exf4 38. Qxf4 Qxa3 39. Qd4+ Ke7 40. c5
Be6 41. Qd6+ Kf6 42. Qd4+ Ke7 43. Qd6+ Kf6 44. Qd4+ Ke7 45. Qd6+ Kf6 46. Qd4+
1/2-1/2

[Event "Francophonie-ch"]
[Site "Casablanca MAR"]
[Date "2022.07.03"]
[Round "3.7"]
[White "Chiku-Ratte, Olivier-Kenta"]
[Black "Daoudi, Kamal"]
[Result "1-0"]
[WhiteElo "2347"]
[BlackElo "2142"]
[PlyCount "85"]
[EventDate "2022.07.02"]
[EventType "swiss"]
[EventRounds "9"]
[EventCountry "MAR"]
[Source "ChessMix"]
[SourceDate "2022.07.10"]

1. d4 Nf6 2. c4 e6 3. Nf3 d5 4. g3 Be7 5. Bg2 O-O 6. O-O dxc4 7. Qc2 a6 8. a4
Bd7 9. Qxc4 Bc6 10. Bf4 a5 11. Nc3 Na6 12. Rac1 Nb4 13. Ne5 Bxg2 14. Kxg2 c6
15. Rfd1 Nfd5 16. Bd2 Bg5 17. f4 Nb6 18. Qb3 Be7 19. e4 Ra6 20. Be3 Nd7 21. Rd2
Nf6 22. Qc4 Qa8 23. g4 g6 24. Qe2 b5 25. g5 Nh5 26. axb5 cxb5 27. Qxb5 Rc8 28.
Qe2 a4 29. Nd7 Qb7 30. Nc5 Bxc5 31. dxc5 a3 32. Rcd1 Nc6 33. b4 Nxb4 34. Rd8+
Rxd8 35. Rxd8+ Kg7 36. Bd4+ f6 37. Bxf6+ Nxf6 38. gxf6+ Kxf6 39. Qd2 Nc6 40.
Rd7 Qb2 41. e5+ Kf5 42. Rf7+ Kg4 43. h4 1-0